Závitová měřidla. STN 25 4156 : Porovnávací kalibry pro závitové kroužky se zmetkovou stranou. Whitworthův závit W 1/8" až W 3". Účinnost: 1.7.1965

Uložené v:
Podrobná bibliografia
Médium: Kniha
Jazyk:Czech
Vydavateľské údaje: Praha : Úřad pro normalizaci a měření, 1964
Predmet:
Tagy: Pridať tag
Žiadne tagy, Buďte prvý, kto otaguje tento záznam!

MARC

LEADER 00000nam a22000003a 4500
001 stu79641
005 20150408175435.1
008 030310s1964----cs------------------cze-d
040 |a STU  |b slo 
041 0 |a cze 
044 |a cs 
080 |a 531.729.5 
245 |a Závitová měřidla. STN 25 4156 :  |b Porovnávací kalibry pro závitové kroužky se zmetkovou stranou. Whitworthův závit W 1/8" až W 3". Účinnost: 1.7.1965 
260 |a Praha :  |b Úřad pro normalizaci a měření,  |c 1964 
300 |a 4 s 
650 7 |a meradlá závitové  |2 stusub 
996 |b 284M039450  |c M*N-689-1  |l MMKN  |s A  |a 24  |w stu79641_0001